Why Don't You Stay - Jeff Satur (Lyrics) - Statistics

General Stats
  • This quiz has been taken 21 times
  • The average score is 198 of 260
Answer Stats
Hint Answer % Correct
a
100%
I
100%
stay
100%
Post-Chorus (Stay, stay)
100%
Why
100%
why
100%
you
100%
be
93%
Chorus Cause
93%
don't
93%
me
93%
on
93%
the
93%
to
93%
and
86%
close
86%
even
86%
if
86%
in
86%
my
86%
tonight
86%
wanna
86%
your
86%
Verse 1 All
79%
all
79%
eyes
79%
Hold
79%
it
79%
leave
79%
live
79%
side
79%
this
79%
we
79%
We
79%
we"ll
79%
we'll
79%
with
79%
world
79%
behind
71%
came
71%
could
71%
crashing
71%
down
71%
fine
71%
for
71%
inside
71%
just
71%
let
71%
Pre-Chorus Lost
71%
mind
71%
no
71%
No
71%
will
71%
along
64%
are
64%
but
64%
felt
64%
fix
64%
forever
64%
hide
64%
home
64%
is
64%
like
64%
Losing
64%
lying
64%
only
64%
own
64%
pain
64%
place
64%
then
64%
there
64%
time
64%
was
64%
way
64%
where
64%
alone
57%
belong
57%
bones
57%
can
57%
drowning
57%
Everywhere
57%
reserved
57%
stone
57%
Take
57%
their
57%
Tryna
57%
away
50%
ears
50%
fade
50%
failed
50%
here
50%
right
50%
scars
50%
shut
50%
throne
50%
comes
43%
each
43%
let's
43%
okay
43%
others
43%
see
43%
sink
43%
Verse 2 These
43%
wounds
43%
bruises
36%
fractures
36%
No matching quizzes found
Score Distribution
Percent of People with Each Score
Percentile by Number Answered
Your Score History
You have not taken this quiz